Ecology in agriculture
Збережено в:
| Автор: | |
|---|---|
| Формат: | Книга |
| Мова: | Англійська |
| Опубліковано: |
San Diego
Academic Press
1997
|
| Серія: | Physiological ecology
|
| Предмети: | |
| Теги: |
Додати тег
Немає тегів, Будьте першим, хто поставить тег для цього запису!
|
MARC
| LEADER | 00000nam a2200000 a 4500 | ||
|---|---|---|---|
| 001 | UCO0637 | ||
| 003 | CL-VaPUC | ||
| 008 | 000428e19970000US |||||||||||||||||eng|d | ||
| 082 | 0 | 4 | |a 630 |b JAC |2 21 |
| 100 | 0 | |a Jackson, Louise E |e author |9 441995 | |
| 245 | 1 | 0 | |a Ecology in agriculture |
| 300 | |a 474 p | ||
| 942 | |c BK | ||
| 945 | |d 20000428 00:00:00 |a vberengu | ||
| 260 | |a San Diego |b Academic Press |c 1997 | ||
| 650 | 0 | |a Agricultura |9 255598 | |
| 650 | 0 | |a Ecología |9 258124 | |
| 650 | 0 | |a Ecosistemas |9 261477 | |
| 650 | 0 | |a Fotosíntesis |9 261610 | |
| 650 | 0 | |a Medio ambiente |9 257625 | |
| 583 | |a last modification |c 20000428 00:00:00 |k Rodrigo Vera | ||
| 490 | 0 | |a Physiological ecology | |
| 999 | |c 287286 |d 287284 | ||